Başarabiliriz : (Record no. 15319)

MARC details
000 -BAŞLIK
Sabit Uzunlukta Kontrol Alanı 00898nam a22002657a 4500
999 ## - SİSTEM KONTROL NUMARALARI (KOHA)
Koha Biblionumber 15319
Koha Biblioitemnumber 15319
003 - KONTROL NUMARASI IDENTIFIER
Denetim Alanı MIRAKIL
005 - SON İŞLEM TARİHİ VE ZAMANI
Denetim Alanı 20240208121524.0
008 - SABİT-BOY VERİ ELEMANLARI - GENEL BİLGİLER
Sabit Uzunlukta Kontrol Alanı 240208b tu ||||| |||| 00| 0 tur d
020 ## - ULUSLARARASI STANDART KİTAP NUMARASI
Uluslararası Standart Kitap Numarası 9786050984071
040 ## - KATALOGLAMA KAYNAK
Orijinal Kataloglama Ajansı TR-AnCHP
Metne Dönüştürmek Ajansı TR-AnCHP
041 ## - DİL KODU
Metin / Ses Parça Veya Ayrı Başlığın Dil Kodu Türkçe
082 ## - DEWEY ONLU SINIFLANDIRMA NUMARASI
Sınıflandırma Numarası 342.56103
Ürün Numarası T66b 2021
090 ## - SINIFLAMA NUMARASI
Sınıflama Numarası 342.56103 T66b 2021
100 1# - ANA GİRİŞ - KİŞİSEL İSİM
Kişisel Ad Toprak, Ece Güner
245 10 - BAŞLIK TABLOSU
Başlık Başarabiliriz :
Başlığın Kalan demokratik bir anayasa önerisi /
Sorumluluk Tablosu, Vb yazan: Ece Güner Toprak ; editör: Sıla Arlı
246 ## - UNVAN FORM VARYING
Başlık Doğru / Kısa Başlığı Demokratik bir anayasa önerisi
250 ## - EDITION TABLOSU
Baskı Beyanı 1. bs.
260 ## - YAYIN, DAĞITIM, VB
Yayın, Dağıtım, Vb Yeri İstanbul :
Yayıncı, Dağıtıcı, Vs Adı Doğan Kitap,
Yayın, Dağıtım, Vb Tarihi 2021
Üretici Firma Mega Basım Yayın
300 ## - FİZİKSEL TANIM
Kapsam 640 sayfa ;
Boyutlar 23 cm.
504 ## - KAYNAKÇA VB NOT
Kaynakça Vb Notu Kaynakça: 627-640. sayfa<br/>
650 #0 - KONU KATMA GİRİŞ - TOPİKAL DÖNEM
9 (RLIN) 6953
Topikal Süreli Veya Coğrafi Ad Giriş Elemanı Anayasa değişikliği
650 #0 - KONU KATMA GİRİŞ - TOPİKAL DÖNEM
9 (RLIN) 341
Topikal Süreli Veya Coğrafi Ad Giriş Elemanı Demokratikleşme
856 ## - ELEKTRONİK YER VE ERİŞİM
Kamu Notu Dijital Nüshası için Partimizin Kütüphane Sorumlusu ile iletişime geçiniz.
942 ## - EKLENDİ GİRİŞ ELEMANLARI (KOHA)
Sınıflandırma Veya Raf Düzeni Kaynak Dewey Decimal Classification
Koha Öğesi Türü Books
Holdings
Kalıcı Konum Mevcut Konum Edinme Tarihi Toplam Check-Out'Lar Tam Çağrı Numarası Barkod Tarih Son Görülme İtibaren Geçerli Fiyatlar Koha Öğesi Türü
CHP Kütüphanesi CHP Kütüphanesi 02/08/2024   342.56103 T66b 2021 20908 02/08/2024 02/08/2024 Books